| 000 | 01067naa a22002777a 4500 | ||
|---|---|---|---|
| 001 | BR9404352 | ||
| 003 | BR-BrBNA | ||
| 005 | 20240918181231.0 | ||
| 007 | ta | ||
| 008 | 230509b bl.||||| |||| 00| 0 por d | ||
| 040 |
_aBR-BrBNA _bpor _cBiblioteca Nacional de Agricultura |
||
| 041 | _a(Pt) | ||
| 072 | _aE16 | ||
| 090 | _aE16 BR9404352 | ||
| 100 | 1 | _aRego, P.G. | |
| 111 | 1 |
_a1. Encontro Latino Americano sobre Plantio Direto na Pequena Propriedade _cPonta Grossa, PR (Brazil) _d22-26 Nov 1993 |
|
| 245 | 1 | _aA sustentabilidade do plantio direto | |
| 260 | 3 |
_aLondrina, PR (Brasil): _c1993. |
|
| 500 | _a1. Encontro Latino Americano sobre Plantio Direto na Pequena Propriedade. Anais Londrina, PR (Brasil): 1993. p. 89-100 (BR9404352-AM)E16 | ||
| 650 | _aSistema de Producao | ||
| 650 | _aPlantio Direto | ||
| 650 | _aCusto de Producao | ||
| 773 | 0 |
_t1. Encontro Latino Americano sobre Plantio Direto na Pequena Propriedade. Anais _wE16 BR9404352 _gLondrina, PR (Brasil), 1993. p. 89-100 |
|
| 909 |
_a202404 _bLucia _c55 _dLucia Elande |
||
| 942 |
_cAM _2AGRIS |
||
| 999 |
_c324259 _d324259 |
||